00401nam a22001217a 45000050016000000200023000160350012000390370013000511000017000642450128000812600045002093000025002542012042101281.0 a0195652428c345.00 aB-28098 aDPLbENG aNandy, Ashis aAn ambiguous journey to the city :bThe village and other odd ruins of the self in the Indian imagination /cby Ashis Nandy aNew DelhibOxford University Pressc2001 axiii, 146p.c20 cms.